书目信息 |
| 题名: |
山林
|
|
| 作者: | 刘敦南 曲 | |
| 分册: | ||
| 出版信息: | 北京 人民音乐出版社 2003 |
|
| 页数: | 63页 | |
| 开本: | 30cm | |
| 丛书名: | ||
| 单 册: | ||
| 中图分类: | J647.413 | |
| 科图分类: | ||
| 主题词: | 钢琴谱--协奏曲--中国--现代--选集 , 钢琴谱 , 协奏曲 | |
| 电子资源: | ||
| ISBN: | 7-103-02709-9 | |
| 000 | 00801ncm0 2200265 450 | |
| 001 | 002502786 | |
| 005 | 20070807084600.50 | |
| 010 | @a7-103-02709-9@dCNY19.30 | |
| 100 | @a20030827d2003 em y0chiy0110 ea | |
| 101 | 1 | @achi |
| 102 | @aCN@b110000 | |
| 105 | @ag z 000yy | |
| 200 | 1 | @a山林@9shan lin@e钢琴协奏曲@e两架钢琴谱@f刘敦南曲 |
| 210 | @a北京@c人民音乐出版社@d2003@e光盘1片 | |
| 215 | @a63页@d30cm | |
| 307 | @a附光盘 ISRC CN-M26-03-0000-0 | |
| 510 | 1 | @aThe Mountain Forest@ePiano Concerto@eTwo-Piano Score@zeng |
| 517 | 1 | @a钢琴协奏曲@9gang qin xie zou qu |
| 606 | 0 | @a钢琴谱@x协奏曲@y中国@z现代@j选集 |
| 606 | 0 | @a钢琴谱 |
| 606 | 0 | @a协奏曲 |
| 690 | @aJ647.413@v4 | |
| 701 | 0 | @a刘敦南@9liu dun nan@c(音乐)@4曲 |
| 801 | 0 | @aCN@bNLC@c20070807 |
| 905 | @a10447@dJ647.413@e147 | |
| 山林:钢琴协奏曲:两架钢琴谱/刘敦南曲.-北京:人民音乐出版社,2003(光盘1片) |
| 63页;30cm |
| ISBN 7-103-02709-9:CNY19.30 |
| ● |
| 相关链接 |
|
|
|
|
正题名:山林
索取号:J647.413/147
 
预约/预借
| 序号 | 登录号 | 条形码 | 馆藏地/架位号 | 状态 | 备注 |
| 1 | 0802188 | 208021889 | 第一样本阅览室/ [索取号:J647.413/147] | 在馆 | |
| 2 | 0802189 | 208021898 | 第一借阅区/ [索取号:J647.413/147] | 在馆 | |
| 3 | 0802190 | 208021905 | 第一借阅区/ [索取号:J647.413/147] | 在馆 | |
| 4 | 0802191 | 208021914 | 第一借阅区/ [索取号:J647.413/147] | 在馆 | |
| 5 | 0802192 | 208021923 | 第一借阅区/ [索取号:J647.413/147] | 在馆 | |
| 6 | 0802193 | 208021932 | 第一借阅区/ [索取号:J647.413/147] | 在馆 | |
| 7 | 0802194 | 208021941 | 第一借阅区/ [索取号:J647.413/147] | 在馆 | |
| 8 | 0802195 | 208021950 | 密集书库-音乐系/ [索取号:J647.413/147] | 在馆 | |
| 9 | 0802196 | 208021969 | 密集书库-音乐系/ [索取号:J647.413/147] | 在馆 | |
| 10 | 0802197 | 208021978 | 密集书库-音乐系/ [索取号:J647.413/147] | 在馆 |